MARC

LEADER 00000nab a2200000 a 4500
001 vtls009488714
003 SK-MaSNL
005 20260303044845.0
008 090331c2008 xo wr 0 0slo
038 |a SLLK 
040 |a SLLK  |b slo  |c sllk  |e AACR2 
041 |a slo 
044 |a xo  |c SK 
080 |a 371.621.5  |2 2001 
245 0 0 |a Skôr než zazvoní na vyučovanie  |c [autor] (mv) 
610 2 7 |a Základná škola sv. Cyrila a Metoda (Stará Ľubovňa, Slovensko)  |2 snkbucl  |9 59227 
610 2 7 |a Gymnázium sv. Mikuláša (Stará Ľubovňa, Slovensko)  |2 snkbucl  |9 1034568 
648 7 |a 2008  |2 snkbucl  |9 317238 
650 0 7 |a odborné učebne  |2 snkbucl  |9 1034569 
651 7 |a Stará Ľubovňa (Slovensko)  |2 snkbucl  |9 19193 
773 0 |t Ľubovnianske noviny  |g Roč. XXXIV, č. 29 (2008), s. 2 
999 |c 1701751  |d 1703681